000 00358nam a2200145Ia 4500
008 230711s9999||||xx |||||||||||||| ||und||
041 _aENG
082 _a5
_bVP-F
100 _aV.P Mishra
245 0 _aFortran programming with applications
250 _a11th
260 _c1983
_aNew Delhi
_bUmesh Publications
650 _aComputer Engineering
942 _cBK
999 _c854
_d854